| 000 | 00322nam a2200121Ia 4500 | ||
|---|---|---|---|
| 008 | 230907s9999||||xx |||||||||||||| ||und|| | ||
| 082 |
_a333.7932 _bMOM |
||
| 100 |
_aMomoh, James _9115370 |
||
| 245 | 0 | _aSmart grid : fundamentals of design and analysis | |
| 260 |
_aWiley _bNew Delhi _c2012 |
||
| 300 | _a216p. | ||
| 942 | _cBK | ||
| 999 |
_c598250 _d598250 |
||